| 000 | 00791nam a22002057a 4500 | ||
|---|---|---|---|
| 999 |
_c19761 _d19761 |
||
| 003 | AR-CdUCM | ||
| 008 | 190521b ||||| |||| 00| 0 spa d | ||
| 040 |
_aMUNICIPALIDAD PROVINCIAL DEL CUSCO _cBIBLIOTECA MUNICIPAL DEL CUSCO |
||
| 082 |
_a985.009 / _bR84 |
||
| 100 |
_aRosas Cuadros, Emilio Eduvino _941328 |
||
| 245 | _aEl prócer Francisco de Vidal y su contribución a la emancipación del Perú / | ||
| 260 |
_aLima : _bIndustrial, _c1971. |
||
| 300 |
_a140 páginas ; _c25 cm. |
||
| 505 | _aContenido : Su situación en la pre- emancipación -- Nacimiento, juventud y muerte -- Su amor a causa de la emancipación... | ||
| 650 |
_aHistoria _9136 |
||
| 650 |
_aPre-emancipación _941329 |
||
| 650 |
_aLabores en campaña libertadora _941330 |
||
| 942 |
_2ddc _cLIBROS |
||
| 945 | _arcc | ||